000 01047nam a2200229Ia 4500
001 9374
003 GE_BSU
008 181216s||||||||xx |||||||||||||| ||und||
040 _cGE_BSU
080 _a94(47+57)''1941-1945''(093.3)
100 _aმამისაშვილი,არჩილ
245 _aტყვეები აღმოსავლეთისაკენ მიდიან
245 _bმოგონებები და ნარკვევები დიდ სამამულო ომზე
245 _cრედ.მ.ცხოვრებოვა.მხატვ.ა.ვანეევი
260 _aცხინვალი
260 _bირისთონი
260 _c1974
300 _a127გვ.ილ.,1ფ.პორტრ.19სმ.
653 _aმოგონებები და ნარკვევები დიდ სამამულო ომზე
653 _aტყვეები აღმოსავლეთისაკენ მიდიან
942 _cBK
999 _c42670
_d42670